[Event "FICGS rapid M 000078 email"]
[Site "FICGS email"]
[Date "2015.03.15"]
[Round "1"]
[White "Palamarchuk, Oleg"]
[Black "Helmer, Janos"]
[Result "0-1"]
[WhiteElo "2239"]
[BlackElo "2144"]
[PlyCount "22"]
[EventDate "2015.??.??"]
[EventType "tourn (rapid)"]
[EventRounds "6"]
[SourceTitle "Corr 2022"]
[Source "ChessBase"]
[SourceDate "2021.10.24"]
[SourceVersion "1"]
[SourceVersionDate "2021.10.24"]
[SourceQuality "1"]

1. e4 c5 2. Nf3 d6 3. d4 cxd4 4. Nxd4 Nf6 5. Nc3 g6 6. Be3 Bg7 7. f3 Nc6 8. Qd2 0-0 9. Bc4 Bd7 10. 0-0-0 Rc8 11. Bb3 Nxd4 0-1

[Event "FICGS rapid M 000071 email"]
[Site "FICGS email"]
[Date "2014.04.18"]
[Round "1"]
[White "Cookson, Timothy"]
[Black "Palamarchuk, Oleg"]
[Result "0-1"]
[WhiteElo "2223"]
[BlackElo "2170"]
[PlyCount "34"]
[EventDate "2014.??.??"]
[EventType "tourn (rapid)"]
[EventRounds "6"]
[SourceTitle "Corr 2022"]
[Source "ChessBase"]
[SourceDate "2021.10.24"]
[SourceVersion "1"]
[SourceVersionDate "2021.10.24"]
[SourceQuality "1"]

1. e4 c5 2. Nf3 d6 3. d4 cxd4 4. Nxd4 Nf6 5. Nc3 a6 6. Be3 e5 7. Nb3 Be6 8. Qd2 Nbd7 9. 0-0-0 Be7 10. f3 h5 11. a3 b5 12. Kb1 Rc8 13. h4 0-0 14. Bg5 Re8 15. Nc1 Qc7 16. N1a2 Nb6 17. Nb4 Qb7 0-1

[Event "FICGS rapid M 000071 email"]
[Site "FICGS email"]
[Date "2014.04.18"]
[Round "1"]
[White "Palamarchuk, Oleg"]
[Black "Demchenko, Sergey Pavlovich"]
[Result "1/2-1/2"]
[WhiteElo "2170"]
[BlackElo "2135"]
[PlyCount "62"]
[EventDate "2014.??.??"]
[EventType "tourn (rapid)"]
[EventRounds "6"]
[SourceTitle "Corr 2022"]
[Source "ChessBase"]
[SourceDate "2021.10.24"]
[SourceVersion "1"]
[SourceVersionDate "2021.10.24"]
[SourceQuality "1"]

1. d4 Nf6 2. c4 g6 3. g3 Bg7 4. Bg2 0-0 5. Nf3 d6 6. Nc3 Nc6 7. 0-0 a6 8. h3 Rb8 9. e4 b5 10. d5 b4 11. Ne2 Na5 12. Qc2 c6 13. Ned4 Bb7 14. Bg5 Qc7 15. Rfe1 Rbc8 16. Qe2 Rfe8 17. Rad1 c5 18. Nc2 e6 19. Qd3 exd5 20. exd5 Rxe1+ 21. Rxe1 Re8 22. Rxe8+ Nxe8 23. Qe3 Kf8 24. b3 Bc8 25. a3 bxa3 26. Nxa3 f6 27. Bh6 Bxh6 28. Qxh6+ Qg7 29. Qe3 Qb7 30. Nd2 Qe7 31. Qh6+ Qg7 1/2-1/2

[Event "FICGS rapid M 000071 email"]
[Site "FICGS email"]
[Date "2014.04.18"]
[Round "1"]
[White "Wilson, Norman"]
[Black "Palamarchuk, Oleg"]
[Result "0-1"]
[WhiteElo "2121"]
[BlackElo "2170"]
[PlyCount "208"]
[EventDate "2014.??.??"]
[EventType "tourn (rapid)"]
[EventRounds "6"]
[SourceTitle "Corr 2022"]
[Source "ChessBase"]
[SourceDate "2021.10.24"]
[SourceVersion "1"]
[SourceVersionDate "2021.10.24"]
[SourceQuality "1"]

1. e4 c5 2. Nc3 d6 3. Bc4 Nf6 4. Nf3 e6 5. d4 cxd4 6. Nxd4 a6 7. 0-0 b5 8. Bb3 Be7 9. Qf3 Qc7 10. Qg3 0-0 11. Bh6 Ne8 12. Be3 Bb7 13. f3 Nd7 14. a3 Bf6 15. Rad1 Rb8 16. Qe1 h6 17. Qg3 Kh8 18. Nce2 Nc5 19. Ba2 Na4 20. b3 Nc3 21. Nxc3 Qxc3 22. Qe1 Qb2 23. Bb1 Qxa3 24. b4 a5 25. c3 Bxd4 26. Bxd4 e5 27. Be3 Bc8 28. Bc2 axb4 29. cxb4 Bd7 30. f4 Rc8 31. Bb1 Be6 32. f5 Bc4 33. Rf3 Qa4 34. Qd2 h5 35. Re1 Nf6 36. Kh1 Kh7 37. Bg5 Ne8 38. Rh3 Rh8 39. Ree3 Ra8 40. Re1 Kg8 41. Bh4 Qa7 42. Rc3 Qd4 43. Qb2 Qb6 44. Qd2 Ra4 45. Bc2 Rxb4 46. Qc1 Bd5 47. Rc8 Bc6 48. Bd3 Bd7 49. Rd8 Qb7 50. Qd2 Rd4 51. Qe2 Kh7 52. Bf2 Qc7 53. Rxd7 Qxd7 54. Bxd4 exd4 55. Bxb5 Qe7 56. Qxh5+ Kg8 57. Qe2 Qe5 58. g3 Qxg3 59. Ra1 Qe5 60. Ra8 d3 61. Bxd3 Rh4 62. Qf2 Rh6 63. Bb1 Kh7 64. Ra3 Nf6 65. Qg3 Qb2 66. Rb3 Qe2 67. Re3 Qd1+ 68. Qe1 Qd4 69. Qc3 Qb6 70. Qb3 Qc6 71. Qc3 Qb5 72. Bd3 Qb6 73. Re2 Rh4 74. Bc2 Qa6 75. Qe1 Rh3 76. Rg2 Qc6 77. Qg1 Kh8 78. Qd4 Rc3 79. Qa4 Qc8 80. Qa2 Kg8 81. Qa4 Kh7 82. Qa2 Qc7 83. Bb1 Qb7 84. Rg1 Nxe4 85. Bxe4 Qxe4+ 86. Qg2 Qe5 87. Rf1 d5 88. Qg4 Kg8 89. f6 g6 90. Qf4 Qe2 91. Kg1 Rc4 92. Qf3 Rg4+ 93. Kh1 Qe6 94. Ra1 Rh4 95. Qf2 Re4 96. Qf3 d4 97. Rd1 Qd5 98. Rd3 Re1+ 99. Kg2 Qa2+ 100. Kg3 Rg1+ 101. Kh3 Qe6+ 102. Kh4 Qe1+ 103. Kh3 Rg5 104. Rxd4 Qe6+ 0-1

[Event "FICGS rapid M 000066 email"]
[Site "FICGS email"]
[Date "2013.09.11"]
[Round "1"]
[White "Palamarchuk, Oleg"]
[Black "Wosch, Arkadiusz Janusz"]
[Result "1/2-1/2"]
[WhiteElo "2215"]
[BlackElo "2153"]
[PlyCount "86"]
[EventDate "2013.??.??"]
[EventType "tourn (rapid)"]
[EventRounds "6"]
[SourceTitle "Corr 2022"]
[Source "ChessBase"]
[SourceDate "2021.10.24"]
[SourceVersion "1"]
[SourceVersionDate "2021.10.24"]
[SourceQuality "1"]

1. d4 Nf6 2. c4 e6 3. Nc3 Bb4 4. e3 0-0 5. Bd3 d5 6. Nf3 c5 7. 0-0 Nc6 8. a3 Bxc3 9. bxc3 dxc4 10. Bxc4 Qc7 11. Bb2 e5 12. h3 Bf5 13. Qe2 Rad8 14. Bb5 e4 15. Nd2 Na5 16. Rfc1 a6 17. Ba4 c4 18. Bd1 Rd6 19. a4 Nd5 20. Ba3 Rg6 21. Bxf8 Bxh3 22. g3 Kxf8 23. Nxe4 Bf5 24. Qf3 Bg4 25. Qh1 Bf5 26. Ra2 Nb3 27. Bxb3 cxb3 28. Rb2 Nxe3 29. Qf3 Bxe4 30. Qxe4 Nc4 31. Re2 Re6 32. Qg4 b2 33. Rce1 Qc6 34. Rxe6 Qxe6 35. Rxe6 b1Q+ 36. Kg2 fxe6 37. Qxe6 Qb3 38. Qc8+ Ke7 39. Qc7+ Ke6 40. Qc8+ Kd5 41. Qg8+ Kd6 42. Qd8+ Ke6 43. Qc8+ Kd5 1/2-1/2

[Event "FICGS rapid silver 000133 email"]
[Site "FICGS email"]
[Date "2013.09.06"]
[Round "2"]
[White "Palamarchuk, Oleg"]
[Black "Kokoryukin, Sergey"]
[Result "1/2-1/2"]
[WhiteElo "2215"]
[BlackElo "1940"]
[PlyCount "91"]
[EventDate "2013.??.??"]
[EventType "match (rapid)"]
[EventRounds "2"]
[SourceTitle "Corr 2022"]
[Source "ChessBase"]
[SourceDate "2021.10.24"]
[SourceVersion "1"]
[SourceVersionDate "2021.10.24"]
[SourceQuality "1"]

1. e4 c5 2. Nf3 d6 3. d4 cxd4 4. Nxd4 Nf6 5. Nc3 a6 6. Be3 e6 7. f3 b5 8. a3 h5 9. Qd2 Nbd7 10. Be2 Bb7 11. 0-0-0 Be7 12. Kb1 Rc8 13. Rhg1 Ne5 14. Bg5 0-0 15. h3 Rxc3 16. Qxc3 Nxe4 17. fxe4 Bxg5 18. Bxh5 Bxe4 19. Bf3 Bg6 20. Nc6 Qc7 21. Nxe5 Qxc3 22. bxc3 dxe5 23. Bb7 Rb8 24. Rd7 a5 25. Re1 Bf4 26. Red1 Kh7 27. h4 Bg3 28. Rh1 Kh6 29. h5 Bf5 30. Rxf7 e4 31. Re7 e3 32. Be4 Bg4 33. Bf3 Bf5 34. Kb2 Rc8 35. Rb7 Rc5 36. Rg1 a4 37. Be2 Bh2 38. Rb1 Bg3 39. Rf1 Be5 40. Kb1 Rxc3 41. Rxf5 exf5 42. Rxb5 Bf6 43. Rxf5 Rc7 44. Rf4 Rb7+ 45. Rb4 Rd7 46. Re4 1/2-1/2

[Event "FICGS rapid A 000136 email"]
[Site "FICGS email"]
[Date "2013.01.24"]
[Round "1"]
[White "Jabot, Daniel"]
[Black "Palamarchuk, Oleg"]
[Result "1/2-1/2"]
[WhiteElo "1948"]
[BlackElo "2054"]
[PlyCount "66"]
[EventDate "2013.??.??"]
[EventType "tourn (rapid)"]
[EventRounds "6"]
[SourceTitle "Corr 2022"]
[Source "ChessBase"]
[SourceDate "2021.10.24"]
[SourceVersion "1"]
[SourceVersionDate "2021.10.24"]
[SourceQuality "1"]

1. e4 c5 2. Nf3 d6 3. d4 cxd4 4. Nxd4 Nf6 5. Nc3 a6 6. Bg5 Bd7 7. Qd2 e6 8. f4 h6 9. Bxf6 Qxf6 10. 0-0-0 Nc6 11. Nb3 Qd8 12. g4 Be7 13. Be2 b5 14. a3 Rb8 15. h4 Na5 16. g5 b4 17. axb4 Rxb4 18. Nxa5 Qxa5 19. Na2 Ra4 20. Qxa5 Rxa5 21. Kb1 d5 22. exd5 Rxd5 23. Rxd5 exd5 24. Re1 hxg5 25. hxg5 Rh4 26. Nc3 Be6 27. Bf3 Kd7 28. Bxd5 Rxf4 29. g6 Bh4 30. Bxe6+ fxe6 31. Re4 Rf1+ 32. Ka2 Bf6 33. Kb3 a5 1/2-1/2

[Event "FICGS rapid A 000136 email"]
[Site "FICGS email"]
[Date "2013.01.24"]
[Round "1"]
[White "Palamarchuk, Oleg"]
[Black "Moscoso, Fernando"]
[Result "1/2-1/2"]
[WhiteElo "2054"]
[BlackElo "2000"]
[PlyCount "63"]
[EventDate "2013.??.??"]
[EventType "tourn (rapid)"]
[EventRounds "6"]
[SourceTitle "Corr 2022"]
[Source "ChessBase"]
[SourceDate "2021.10.24"]
[SourceVersion "1"]
[SourceVersionDate "2021.10.24"]
[SourceQuality "1"]

1. e4 e5 2. Nf3 Nc6 3. Bb5 a6 4. Ba4 Nf6 5. 0-0 Nxe4 6. d4 b5 7. Bb3 d5 8. dxe5 Be6 9. Nbd2 Be7 10. c3 0-0 11. Bc2 f5 12. Nb3 Qd7 13. Nfd4 Nxd4 14. Nxd4 c5 15. Nxe6 Qxe6 16. f3 Ng5 17. Kh1 Rad8 18. a4 Qb6 19. Be3 Ne6 20. Qb1 g6 21. b4 d4 22. cxd4 c4 23. axb5 axb5 24. g4 fxg4 25. Bxg6 Bg5 26. Bxh7+ Kh8 27. Bg1 Nxd4 28. Be4 gxf3 29. Rxf3 Rxf3 30. Bxf3 Qe6 31. Bg2 Ne2 32. Qe4 1/2-1/2

[Event "FICGS rapid A 000136 email"]
[Site "FICGS email"]
[Date "2013.01.24"]
[Round "1"]
[White "Palamarchuk, Oleg"]
[Black "Pentru, Oana"]
[Result "1-0"]
[WhiteElo "2054"]
[BlackElo "1901"]
[PlyCount "107"]
[EventDate "2013.??.??"]
[EventType "tourn (rapid)"]
[EventRounds "6"]
[SourceTitle "Corr 2022"]
[Source "ChessBase"]
[SourceDate "2021.10.24"]
[SourceVersion "1"]
[SourceVersionDate "2021.10.24"]
[SourceQuality "1"]

1. d4 d5 2. Nf3 Nf6 3. c4 e6 4. e3 c5 5. Nc3 Nc6 6. a3 cxd4 7. exd4 Be7 8. c5 Ne4 9. Qc2 f5 10. Bb5 0-0 11. Bxc6 bxc6 12. 0-0 Qc7 13. Ne2 Ba6 14. Bf4 Qb7 15. Rfe1 g5 16. Bd6 Nxd6 17. cxd6 Bxd6 18. Nxg5 Rf6 19. Ng3 Re8 20. h4 Qb6 21. Re3 c5 22. Rae1 cxd4 23. Nh5 Rg6 24. Rxe6 Rexe6 25. Nxe6 d3 26. Qd2 Rxe6 27. Rxe6 Bh2+ 28. Kxh2 Qxe6 29. Qg5+ Kf7 30. Qg7+ Ke8 31. Qh8+ Kd7 32. Qxh7+ Kc8 33. Qh8+ Kb7 34. Qg7+ Kb8 35. Nf4 Qe4 36. Qg3 Kb7 37. f3 Qe5 38. Nxd3 Qxg3+ 39. Kxg3 Bxd3 40. Kf4 Bc4 41. Ke5 Kc6 42. h5 f4 43. Kxf4 d4 44. Ke4 Bf7 45. h6 Kc5 46. f4 Bb3 47. Kd3 Be6 48. b4+ Kd5 49. b5 Bf5+ 50. Kd2 Ke6 51. g4 Be4 52. f5+ Kf6 53. g5+ Kf7 54. f6 1-0

[Event "FICGS rapid A 000136 email"]
[Site "FICGS email"]
[Date "2013.01.24"]
[Round "1"]
[White "Salonen, Jukka"]
[Black "Palamarchuk, Oleg"]
[Result "1/2-1/2"]
[WhiteElo "1936"]
[BlackElo "2054"]
[PlyCount "43"]
[EventDate "2013.??.??"]
[EventType "tourn (rapid)"]
[EventRounds "6"]
[SourceTitle "Corr 2022"]
[Source "ChessBase"]
[SourceDate "2021.10.24"]
[SourceVersion "1"]
[SourceVersionDate "2021.10.24"]
[SourceQuality "1"]

1. d4 Nf6 2. c4 e6 3. Nf3 d5 4. Bg5 dxc4 5. Nc3 Bb4 6. e4 c5 7. Bxc4 cxd4 8. Nxd4 Bxc3+ 9. bxc3 Qa5 10. Bb5+ Nbd7 11. Bxf6 Qxc3+ 12. Ke2 Qb2+ 13. Kf3 gxf6 14. Qd3 Qb4 15. Rab1 Qd6 16. Rhd1 0-0 17. Bxd7 Bxd7 18. Ne2 Qxd3+ 19. Rxd3 Bc6 20. Nd4 Rfd8 21. Ke3 Rac8 22. Nxc6 1/2-1/2

[Event "FICGS class A 000134 email"]
[Site "FICGS email"]
[Date "2013.01.12"]
[Round "1"]
[White "Palamarchuk, Oleg"]
[Black "Vezzani, Stefano"]
[Result "1-0"]
[WhiteElo "2054"]
[BlackElo "2073"]
[PlyCount "57"]
[EventDate "2013.??.??"]
[EventType "tourn (corr)"]
[EventRounds "6"]
[SourceTitle "Corr 2022"]
[Source "ChessBase"]
[SourceDate "2021.10.24"]
[SourceVersion "1"]
[SourceVersionDate "2021.10.24"]
[SourceQuality "1"]

1. e4 d5 2. exd5 Qxd5 3. Nc3 Qa5 4. d4 Nf6 5. Nf3 Bf5 6. Ne5 c6 7. Bf4 e6 8. g4 Bg6 9. h4 Bb4 10. Bd2 Bxc3 11. Bxc3 Qc7 12. Qe2 Be4 13. Rh3 Bd5 14. Bd2 b5 15. b3 Ne4 16. c4 bxc4 17. bxc4 Nxd2 18. Kxd2 0-0 19. cxd5 exd5 20. Rc1 Qa5+ 21. Rhc3 Qxa2+ 22. Ke3 Qa5 23. g5 Qb4 24. Qg4 a5 25. h5 Qe7 26. Kd2 f6 27. gxf6 Rxf6 28. Be2 a4 29. h6 1-0

[Event "FICGS rapid A 000135 email"]
[Site "FICGS email"]
[Date "2013.01.09"]
[Round "1"]
[White "Palamarchuk, Oleg"]
[Black "Riha, Josef"]
[Result "1-0"]
[WhiteElo "2054"]
[BlackElo "1961"]
[PlyCount "119"]
[EventDate "2013.??.??"]
[EventType "tourn (rapid)"]
[EventRounds "6"]
[SourceTitle "Corr 2022"]
[Source "ChessBase"]
[SourceDate "2021.10.24"]
[SourceVersion "1"]
[SourceVersionDate "2021.10.24"]
[SourceQuality "1"]

1. Nf3 d5 2. d4 Nf6 3. c4 c6 4. e3 Bf5 5. Nc3 e6 6. Nh4 Be4 7. f3 Bg6 8. Qb3 Qb6 9. Nxg6 hxg6 10. Bd2 Nbd7 11. Kf2 Qc7 12. g3 Bd6 13. cxd5 exd5 14. Kg2 Nf8 15. e4 Ne6 16. Be3 Bxg3 17. hxg3 Rxh1 18. Kxh1 Qxg3 19. Bg2 dxe4 20. Ne2 Qh4+ 21. Kg1 exf3 22. Bf2 Qg5 23. Qxf3 0-0-0 24. Rf1 Nd5 25. Qe4 Qf5 26. Nc3 Qxe4 27. Bxe4 Nf6 28. d5 cxd5 29. Bf3 b6 30. Rd1 g5 31. Nxd5 Nxd5 32. Rxd5 Rxd5 33. Bxd5 Kd7 34. Bg3 f6 35. Kf2 Nf4 36. Be4 Ke6 37. Kf3 f5 38. Bb7 Ke5 39. b4 Kf6 40. Bxf4 gxf4 41. Kxf4 a5 42. b5 g5+ 43. Ke3 Ke5 44. Bf3 a4 45. Bd1 a3 46. Bf3 Kf6 47. Kd4 Ke6 48. Bb7 g4 49. Bc8+ Kf6 50. Ke3 Ke5 51. Bd7 f4+ 52. Kd3 g3 53. Bc6 Ke6 54. Bg2 Ke5 55. Bf3 Kf5 56. Kd4 Ke6 57. Ke4 Kd6 58. Kxf4 Kc5 59. Kxg3 Kxb5 60. Kf4 1-0

[Event "FICGS rapid A 000135 email"]
[Site "FICGS email"]
[Date "2013.01.09"]
[Round "1"]
[White "Skinner, Peter"]
[Black "Palamarchuk, Oleg"]
[Result "1-0"]
[WhiteElo "2043"]
[BlackElo "2054"]
[PlyCount "113"]
[EventDate "2013.??.??"]
[EventType "tourn (rapid)"]
[EventRounds "6"]
[SourceTitle "Corr 2022"]
[Source "ChessBase"]
[SourceDate "2021.10.24"]
[SourceVersion "1"]
[SourceVersionDate "2021.10.24"]
[SourceQuality "1"]

1. e4 e5 2. Nf3 Nc6 3. Bb5 a6 4. Ba4 Nf6 5. 0-0 Be7 6. Re1 b5 7. Bb3 0-0 8. d3 d6 9. c3 Na5 10. Bc2 c5 11. Nbd2 Nc6 12. h3 Be6 13. d4 cxd4 14. cxd4 exd4 15. Nb3 Bxb3 16. Bxb3 Qb6 17. Bf4 Nd7 18. Bd5 Nde5 19. Bxe5 dxe5 20. Bxc6 Qxc6 21. Nxe5 Qe6 22. Nd3 Rac8 23. e5 Rfd8 24. a4 b4 25. Rc1 Rxc1 26. Qxc1 h6 27. Qc7 Bg5 28. Qb7 a5 29. Qb5 Qf5 30. e6 Qxb5 31. axb5 Rb8 32. e7 Re8 33. b6 Rxe7 34. Rxe7 Bxe7 35. b7 Bd6 36. Nc5 Kf8 37. Kf1 Ke7 38. Ke2 a4 39. Nxa4 Kd7 40. Kd3 Kc7 41. Kxd4 Kxb7 42. Kd5 Kc7 43. Nc5 h5 44. b3 Bf8 45. Nd3 Kd7 46. Nf4 g6 47. Nd3 g5 48. Kc4 Bd6 49. Nxb4 Ke6 50. Na6 f5 51. b4 Bh2 52. Nc5+ Kd6 53. Nd3 Kc6 54. b5+ Kb6 55. Nb4 Kb7 56. Nd5 Bg1 57. f4 1-0

[Event "FICGS class A 000133 email"]
[Site "FICGS email"]
[Date "2013.01.07"]
[Round "1"]
[White "Domingo Gadea, Jordi"]
[Black "Palamarchuk, Oleg"]
[Result "0-1"]
[WhiteElo "2017"]
[BlackElo "2054"]
[PlyCount "40"]
[EventDate "2013.??.??"]
[EventType "tourn (corr)"]
[EventRounds "6"]
[SourceTitle "Corr 2022"]
[Source "ChessBase"]
[SourceDate "2021.10.24"]
[SourceVersion "1"]
[SourceVersionDate "2021.10.24"]
[SourceQuality "1"]

1. g4 d5 2. h3 e5 3. Bg2 Nc6 4. c4 Nge7 5. Qa4 dxc4 6. Nf3 Ng6 7. Nc3 h5 8. Qxc4 Nf4 9. Bf1 Be6 10. Qb5 a6 11. Qxb7 Bd7 12. Nxe5 Nxe5 13. Qe4 Bd6 14. d4 Bc6 15. Qe3 Qe7 16. dxe5 Bxe5 17. Rg1 Rh6 18. gxh5 0-0-0 19. Bd2 Re6 20. 0-0-0 Nd5 0-1

[Event "FICGS rapid A 000134 email"]
[Site "FICGS email"]
[Date "2013.01.01"]
[Round "1"]
[White "Palamarchuk, Oleg"]
[Black "Jabot, Daniel"]
[Result "1-0"]
[WhiteElo "2054"]
[BlackElo "1948"]
[PlyCount "139"]
[EventDate "2013.??.??"]
[EventType "tourn (rapid)"]
[EventRounds "6"]
[SourceTitle "Corr 2022"]
[Source "ChessBase"]
[SourceDate "2021.10.24"]
[SourceVersion "1"]
[SourceVersionDate "2021.10.24"]
[SourceQuality "1"]

1. d4 Nf6 2. c4 g6 3. Nf3 Bg7 4. Nc3 d6 5. e4 0-0 6. Be2 c5 7. d5 e6 8. 0-0 exd5 9. cxd5 Re8 10. Nd2 Na6 11. f3 Nc7 12. a4 b6 13. Nc4 Ba6 14. Bg5 Qd7 15. Qd2 Bxc4 16. Bxc4 a6 17. Bd3 b5 18. Rfe1 Reb8 19. Bc2 b4 20. Nd1 b3 21. Bd3 Rb4 22. a5 Nb5 23. Ne3 Qa7 24. Rac1 Nd7 25. f4 Re8 26. Nc4 Qb8 27. Kh1 Qb7 28. Re3 Bd4 29. Rh3 Nf6 30. Re1 Ng4 31. Rf1 Ra4 32. Bh4 Bg7 33. Rg3 Nf6 34. Bxf6 Bxf6 35. f5 Qe7 36. fxg6 hxg6 37. e5 Bxe5 38. Nxe5 dxe5 39. Bxg6 Rf4 40. Be4+ Kf8 41. Rxf4 exf4 42. Qxf4 Qd6 43. Qh4 c4 44. Re3 Re5 45. Rf3 Ke8 46. h3 c3 47. bxc3 b2 48. c4 Nd4 49. Rf4 Qe7 50. Qh8+ Kd7 51. Bd3 Nb3 52. Qg8 f6 53. Kh2 Nc5 54. Bb1 Qd6 55. Qf7+ Re7 56. Qxf6 Re1 57. Qf5+ Kd8 58. g3 Nd7 59. Rf1 Rc1 60. Kg2 Qe7 61. Qg4 Kc7 62. Qf3 Qe5 63. Rd1 Rxd1 64. Qxd1 Kd6 65. Qd3 Kc5 66. h4 Kb4 67. d6 Qe1 68. Qc2 Qe5 69. c5 Nxc5 70. Qd2+ 1-0

[Event "FICGS class A 000132 email"]
[Site "FICGS email"]
[Date "2012.12.22"]
[Round "1"]
[White "Palamarchuk, Oleg"]
[Black "Tanda, Giovanni"]
[Result "1-0"]
[WhiteElo "2000"]
[BlackElo "2083"]
[PlyCount "59"]
[EventDate "2012.??.??"]
[EventType "tourn (corr)"]
[EventRounds "6"]
[SourceTitle "Corr 2022"]
[Source "ChessBase"]
[SourceDate "2021.10.24"]
[SourceVersion "1"]
[SourceVersionDate "2021.10.24"]
[SourceQuality "1"]

1. e4 c6 2. d4 d5 3. e5 c5 4. Nf3 Nc6 5. dxc5 Bg4 6. c3 e6 7. Be3 Bxf3 8. Qxf3 Nxe5 9. Bb5+ Nc6 10. 0-0 a6 11. Ba4 Qh4 12. Bd4 Nf6 13. g3 Qg4 14. Nd2 Be7 15. Qxg4 Nxg4 16. Bxg7 Rg8 17. Bd4 e5 18. Be3 Nxe3 19. fxe3 Bxc5 20. Rae1 Ke7 21. Kg2 Rad8 22. Bb3 Rgf8 23. e4 d4 24. Bd5 f6 25. Rf3 Rc8 26. Rf5 b5 27. Rh5 Rh8 28. Rf1 Na5 29. Nb3 Nxb3 30. axb3 1-0

[Event "FICGS class A 000131 email"]
[Site "FICGS email"]
[Date "2012.12.13"]
[Round "1"]
[White "Palamarchuk, Oleg"]
[Black "Sorcinelli, Andrea"]
[Result "1-0"]
[WhiteElo "2000"]
[BlackElo "2019"]
[PlyCount "73"]
[EventDate "2012.??.??"]
[EventType "tourn (corr)"]
[EventRounds "6"]
[SourceTitle "Corr 2022"]
[Source "ChessBase"]
[SourceDate "2021.10.24"]
[SourceVersion "1"]
[SourceVersionDate "2021.10.24"]
[SourceQuality "1"]

1. e4 e5 2. Nf3 Nc6 3. Bb5 a6 4. Ba4 Nf6 5. d3 Bc5 6. c3 b5 7. Bb3 Bb7 8. 0-0 0-0 9. Nbd2 d6 10. Re1 Ng4 11. Re2 Na5 12. Bc2 Bb6 13. Nf1 d5 14. exd5 Bxd5 15. h3 Bxf3 16. gxf3 Nf6 17. Rxe5 c5 18. f4 Nc6 19. Re1 Qd7 20. Qf3 Rae8 21. Ne3 Bc7 22. Bd2 h5 23. Kh1 Ne7 24. f5 Nc6 25. Rg1 Kh8 26. Rad1 Ne5 27. Qg2 Rg8 28. d4 cxd4 29. cxd4 Qxd4 30. Ba5 Qc5 31. Bc3 Qc6 32. Nd5 Nxd5 33. Be4 Qf6 34. Bxd5 Qxf5 35. Be4 Qf4 36. Rd4 Qh6 37. f4 1-0

[Event "FICGS class A 000131 email"]
[Site "FICGS email"]
[Date "2012.12.13"]
[Round "1"]
[White "Palamarchuk, Oleg"]
[Black "Tanda, Giovanni"]
[Result "1-0"]
[WhiteElo "2000"]
[BlackElo "2083"]
[PlyCount "65"]
[EventDate "2012.??.??"]
[EventType "tourn (corr)"]
[EventRounds "6"]
[SourceTitle "Corr 2022"]
[Source "ChessBase"]
[SourceDate "2021.10.24"]
[SourceVersion "1"]
[SourceVersionDate "2021.10.24"]
[SourceQuality "1"]

1. d4 d5 2. Nf3 c6 3. Bf4 Bf5 4. Nbd2 e6 5. e3 Bd6 6. Bxd6 Qxd6 7. c4 Nf6 8. Qb3 Qc7 9. Nh4 Be4 10. f3 Bg6 11. Be2 0-0 12. 0-0 Nbd7 13. Rac1 Qb6 14. Qc3 Rfe8 15. c5 Qc7 16. Nxg6 hxg6 17. f4 Nh7 18. Bd3 Nhf6 19. h3 b6 20. cxb6 axb6 21. Qxc6 Qxc6 22. Rxc6 Rxa2 23. Rc2 Kf8 24. Nf3 Ke7 25. Bb5 Rea8 26. Ne5 Nxe5 27. fxe5 Ne8 28. Kh2 R8a7 29. Kg3 Nc7 30. Bd3 g5 31. Kg4 f6 32. Rfc1 Ne8 33. Bg6 1-0